Т. 55, вып. 9; Журнал органической химии

Λεπτομέρειες βιβλιογραφικής εγγραφής
Parent link:Журнал органической химии/ Российская академия наук (РАН) ; Отделение общей и технической химии. Т. 55, вып. 9.— , 1965-
Γλώσσα:Ρωσικά
Έκδοση: 2019
Διαθέσιμο Online:https://sciencejournals.ru/view-issue/?j=orgkhim&y=2019&v=55&n=9
https://elibrary.ru/contents.asp?id=39379514
Μορφή: Ηλεκτρονική πηγή Βιβλίο
KOHA link:https://koha.lib.tpu.ru/cgi-bin/koha/opac-detail.pl?biblionumber=584476

MARC

LEADER 00000nam2a2200000 4500
001 584476
005 20231101131140.0
035 |a (RuTPU)RU\TPU\prd\286056 
035 |a RU\TPU\prd\286055 
090 |a 584476 
100 |a 20191108a19659999k y0rusy50 ca 
101 0 |a rus 
102 |a RU 
181 0 |a i  
182 0 |a b 
200 0 |a Т. 55, вып. 9  |b Электронный ресурс 
203 |a Текст  |c электронный 
210 |d 2019 
461 1 |0 (RuTPU)RU\TPU\prd\162  |t Журнал органической химии  |f Российская академия наук (РАН) ; Отделение общей и технической химии  |v Т. 55, вып. 9  |d 1965- 
801 0 |a RU  |b 63413507  |c 20010227  |g PSBO 
801 1 |a RU  |b 63413507  |c 20170904 
801 2 |a RU  |b 63413507  |c 20221218  |g RCR 
856 4 0 |u https://sciencejournals.ru/view-issue/?j=orgkhim&y=2019&v=55&n=9 
856 4 0 |u https://elibrary.ru/contents.asp?id=39379514 
942 |c BK